000 01164cam a2200229 4500
001 WB@3612-620
008 040804n2004 000 0 eng u
035 _a(Sirsi) u127006
245 _aRural architecture
260 _c2004
490 _aODPM News Release
_v(2004/0190) 3 August 2004 (3)
520 _aPlanning Policy Statement 7: "Sustainable development in rural areas" has been published. This replaces the existing guidance with a forward looking policy exception for new houses in the countryside that reflect the highest standards of contemporary architecture. It seeks to encourage innovative design, modern methods of construction, use of sustainable building materials and developments that have a reduced impact on environmental resources. The full document can be viewed at: http://www.odpm.gov.uk/stellent/groups/odpm_planni ng/documents/page/odpm_plan_030148.hcsp. http://www.odpm.gov.uk/pns/DisplayPN.cgi?pn_id=200 4_0190
590 _aWB
590 _aWB
650 _aRURAL DEVELOPMENT
650 _aRURAL HOUSING
650 _aARCHITECTURE
650 _aCOUNTRY HOUSES
650 _aPPS7
690 _aPLANNING
942 _n0
999 _c117813
_d117813